[Event "AI Cup Play In Match"]
[Site "Chess.com INT"]
[Date "2023.09.18"]
[Round "1.2"]
[White "Saric, Ivan"]
[Black "Kravtsiv, Martyn"]
[Result "1-0"]
[WhiteElo "2647"]
[BlackElo "2598"]
[PlyCount "111"]
[EventDate "2023.09.18"]
[EventType "k.o. (rapid)"]
[EventRounds "1"]
[EventCountry "USA"]
[SourceTitle "EXT 2024"]
[Source "ChessBase"]
[SourceDate "2023.10.10"]
[SourceVersion "1"]
[SourceVersionDate "2023.10.10"]
[SourceQuality "1"]

1. e4 g6 2. d4 Bg7 3. Nf3 c6 4. c4 d6 5. Nc3 Nf6 6. Be2 0-0 7. 0-0 Nbd7 8. Qc2 e5 9. d5 Qe7 10. Be3 Ng4 11. Bg5 f6 12. Bd2 f5 13. exf5 gxf5 14. Ng5 Ndf6 15. h3 Nh6 16. Rad1 Kh8 17. b4 Bd7 18. f4 cxd5 19. Nxd5 Nxd5 20. cxd5 Rac8 21. Qb3 e4 22. Rc1 Bd4+ 23. Be3 Qf6 24. Kh2 Ng8 25. Rxc8 Rxc8 26. Bxd4 Qxd4 27. Rd1 Qf6 28. Qe3 b6 29. Qa3 Rc7 30. Bh5 h6 31. Nf7+ Kg7 32. Qg3+ Kf8 33. Ne5 dxe5 34. fxe5 Qg5 35. Qxg5 hxg5 36. e6 Ba4 37. d6 Rc8 38. Rd5 f4 39. Rxg5 e3 40. d7 Rb8 41. Bd1 Ke7 42. Bxa4 Kxe6 43. Bb3+ Kxd7 44. Bxg8 e2 45. Rd5+ Kc6 46. b5+ Kc7 47. Re5 Rxg8 48. Rxe2 Rg5 49. a4 Kd6 50. Re4 Rf5 51. g4 Rf7 52. Kg2 f3+ 53. Kf2 Kd5 54. Re3 Rf4 55. Rxf3 Rxa4 56. g5 1-0